Normal view MARC view

Entry Personal Name

Number of records used in: 1

001 - CONTROL NUMBER

  • control field: 10558

003 - CONTROL NUMBER IDENTIFIER

  • control field: DLC

005 - DATE AND TIME OF LATEST TRANSACTION

  • control field: 20250530121447.0

008 - FIXED-LENGTH DATA ELEMENTS

  • fixed length control field: 910302n| azannaab |n aaa

010 ## - LIBRARY OF CONGRESS CONTROL NUMBER

  • LC control number: n 91021766

040 ## - CATALOGING SOURCE

  • Original cataloging agency: DLC
  • Transcribing agency: DLC
  • Modifying agency: DLC
  • Description conventions: rda

100 1# - HEADING--PERSONAL NAME

  • Personal name: Ennew, Christine

670 ## - SOURCE DATA FOUND

  • Source citation: Marketing financial services, 1990:
  • Information found: t.p. (Christine Ennew)

670 ## - SOURCE DATA FOUND

  • Source citation: Her The marketing blueprint, 1993:
  • Information found: t.p. (Christine T. Ennew)

670 ## - SOURCE DATA FOUND

  • Source citation: Financial services marketing, 2013:
  • Information found: eCIP t.p. (Christine Ennew) data view screen (Pro Vice Chancellor at the University of Nottingham and Professor of Marketing in Nottingham University Business School)

Powered by Koha